00613nam a2200217 a 4500001001300000003000900013005001700022008004100039020001000080082001800090100001700108245007100125260005500196300000900251500003500260505001800295650002300313650002600336650001600362700001700378nice12345678IN_TiNIC20260116012707.0050524s1975 newa grp 000 0 eng  ac15000a297.0954bRIZ aRizvi, S A A aReligious and Intellectual History of the Muslims in Akbar`s Reign aNew Delhi bMunshiram Manoharlal Publishers c1975 a561p aincludes index and biblioraphy2 aIndex, Errata aMughal India-Akbar aMughal India-Religion aIslam-India1 aRizvi, S A A